Living with allergies

Bibliographic Details
Main Author: White, T. (Dr)
Format: Book
Published: London : Franklin Watts , 1990
Series:Living with
Subjects:

MARC

LEADER 00000cam a2200000 7i4500
001 0000005689
002 000006149
005 20060209.0
020 |a 0749600985 
090 0 0 |a 362   |b LIV 
100 1 |a White, T. ,   |e Dr 
245 1 0 |a Living with allergies   |c Dr T. White 
260 |a London :   |b Franklin Watts ,   |c 1990 
300 |a 64p ;   |c 26 cm. 
490 0 |a Living with 
650 0 0 |a Allergies   |x Juvenile literature 
999 |a 026964   |b BUKU   |c JUNIOR BOOKS   |e PERPUSTAKAAN KOMUNITI CAW KOTA DAMANSARA